| 000 | 00694nam a22001697a 4500 | ||
|---|---|---|---|
| 999 |
_c14841 _d14841 |
||
| 008 | 200110b ||||| |||| 00| 0 eng d | ||
| 082 |
_22019 _aUT 1401 _bH43 |
||
| 100 |
_aHernan, Reymart Vincent P. _941212 |
||
| 245 |
_aEffectiveness of Barangay Patrol System: _bA Comparative Assessment in Aplaya Digos City in the Year 2014-2017/ _cReymart Vincent P. Hernan, Edward F. Ybas & Bryan C. Garde |
||
| 260 |
_aDigos City _bUMDC _cApril 2019 |
||
| 300 |
_a50 pages _c30cm |
||
| 650 |
_aCriminal Justice Education _vCriminology _xUndergraduate Thesis _933107 |
||
| 700 |
_aHernan, Reymart Vincent P. _941213 |
||
| 700 |
_aYbas,Edward F. _941214 |
||
| 700 |
_aGarde,Bryan C. _941215 |
||
| 942 |
_2ddc _cUT |
||